Statistiken für Weltführer nach Ländern (1950er) - Bildquiz

Klicken Sie hier um das Quiz zu spielen!

Allgemein

  • Dieses Quiz wurde 66 mal gespielt
  • Das Durchschnittsergebnis liegt bei 9 aus 12

Antwortstatistiken

Antwort% Korrekt
China
97%
Sowjetunion
90%
West Deutschland
90%
Vereinigtes Königreich
89%
Vatikan-Stadt
87%
Vereinigte Staaten
86%
Nordvietnam
73%
Ägypten
68%
Spanien
68%
Albanien
46%
Taiwan
37%
Dominikanische Republik
25%

Verteilung der Resultate

Perzentil nach korrekt beantworteten Fragen

Anzahl Personen mit jedem Resultat

Ihre Resultats-Entwicklung

Sie haben dieses Quiz noch nicht gespielt